Normal view
MARC view
- الحاكمية المؤسسية -المصارف الاسلامية - الاردن
Entry Topical Term
001 - CONTROL NUMBER
- control field: 59710
003 - CONTROL NUMBER IDENTIFIER
- control field: JO-AjAnu
005 - DATE AND TIME OF LATEST TRANSACTION
- control field: 20230606083749.0
008 - FIXED-LENGTH DATA ELEMENTS
- fixed length control field: 230606|| aca||aabn | a|a d
040 ## - CATALOGING SOURCE
- Original cataloging agency: JO-AjAnu
- Transcribing agency: JO-AjAnu
150 ## - HEADING--TOPICAL TERM
- Topical term or geographic name entry element: الحاكمية المؤسسية -المصارف الاسلامية - الاردن
670 ## - SOURCE DATA FOUND
- Source citation: Work cat.: (JO-AjAnu)30451: اعداد: لبنى محمد حسين الروايدة: اشراف: محمد المومني(مشرف رئيسي)، شرين العلي (مشرف مشارك), author 59709, اثر الادوات الداخلية للحاكمية المؤسسية على الاداء التشغيلي للمصارف الاسلامية الاردنية=The Effect of the Internal Mechanisms of Corporate Governance on the Operational Performance of the Jordanian Islamic Banks